| 000 | 01018cam a22002774a 4500 | ||
|---|---|---|---|
| 001 | 12769446 | ||
| 003 | GBCCL | ||
| 005 | 20241126110346.0 | ||
| 008 | 020509s2002 miu b 001 0 eng | ||
| 010 | _a 2002071135 | ||
| 020 | _a080102529X | ||
| 040 |
_aDLC _cDLC _dDLC |
||
| 042 | _apcc | ||
| 050 | 0 | 0 |
_aBS1505.2 _b.C53 2002 |
| 082 | 0 | 0 |
_a224.06 _221 _bCHI |
| 100 | 1 |
_aChisholm, Robert B. _91239 |
|
| 245 | 1 | 0 |
_aHandbook on the prophets : _bIsaiah, Jeremiah, Lamentations, Ezekiel, Daniel, minor prophets / _cRobert B. Chisholm, Jr. |
| 260 |
_aGrand Rapids, Mich. : _bBaker Academic, _cc2002. |
||
| 300 |
_a512 p. ; _c24 cm. |
||
| 504 | _aIncludes bibliographical references and index. | ||
| 630 | 0 | 0 |
_aBible. _pProphets _xCriticism, interpretation, etc. _91240 |
| 650 | 0 |
_aProphets. _91241 |
|
| 906 |
_a7 _bcbc _corignew _d1 _eocip _f20 _gy-gencatlg |
||
| 942 |
_2ddc _cREF |
||
| 999 |
_c830 _d830 |
||